| 000 | 01108nam a22003377a 4500 | ||
|---|---|---|---|
| 003 | CHAP | ||
| 005 | 20220329133951.0 | ||
| 008 | 971013s1978 r 00010 d | ||
| 010 | _a13366 | ||
| 011 | _a14338 | ||
| 035 | _a18411 | ||
| 040 | _cCHAP | ||
| 090 | _aFolleto 5479 | ||
| 100 | 0 | 0 |
_aGómez Rodríguez, Ricardo. _949878 |
| 245 | _aGlosario de términos apícolas | ||
| 260 |
_aCaracas : _bDirección General de Desarrollo Ganadero, _c1978 |
||
| 300 | _a21 p. | ||
| 490 |
_aTécnicas y prácticas apícolas _v; 8 |
||
| 590 |
_aBATCH-UPD _b10 _c20130109 _lUCH01 _h2332 |
||
| 590 |
_aBATCH-UPD _b10 _c20130110 _lUCH01 _h0328 |
||
| 590 |
_aBATCH-UPD _b10 _c20130110 _lUCH01 _h2247 |
||
| 590 |
_aBATCH-UPD _b10 _c20130410 _lUCH01 _h0001 |
||
| 590 |
_aBATCH-UPD _b10 _c20130410 _lUCH01 _h1541 |
||
| 590 |
_aBATCH-UPD _b10 _c20130914 _lUCH01 _h1549 |
||
| 590 |
_aCONVERSION _b10 _c20130109 _lUCH01 _h1309 |
||
| 650 | 1 | 4 |
_aApicultura _xDiccionarios. _96256 |
| 830 | 0 |
_aTécnicas y prácticas apícolas _v; 8 _9113533 |
|
| 901 | _aBK | ||
| 942 | _cFOLL | ||
| 949 |
_aFolleto 5479 _bBC _cFOLL _d-42966 _eTS1 _i18411 _mD _si |
||
| 999 |
_c13366 _d13366 |
||